000 00456nam a22001817a 4500
003 CEME
005 20210628202428.0
008 210122b xxu||||| |||| 00| 0 eng d
020 _a81-8030-031-5
040 _c.
082 _a541 AYO
100 _aSingh, Ayodhya
_959872
245 _aProblems in physical chemistry
260 _aNEW DELHI
_bCAMPUS BOOKS
_c2003
300 _a562 P
650 _aPHYSICAL CHEMISTRY-PROBLEMS
_959873
942 _cBK
_2ddc
999 _c569750
_d569750